| 000 | 00763nam a2200253 a 4500 | ||
|---|---|---|---|
| 001 | 14718 | ||
| 003 | BD-RjUL | ||
| 005 | 20211208235659.0 | ||
| 008 | 170530s1967 enka 001 0 eng d | ||
| 020 |
_a0340050918 : _a0340052236 : |
||
| 035 | _a(BD-RjUL)14772 | ||
| 040 |
_aDLC _cOCoLC _dUk _dDLC _dBD-RjUL _beng |
||
| 041 | _aeng | ||
| 082 |
_a629.8 _bHEP 1967 _223 |
||
| 100 | 1 |
_aHealey, Martin _945865 |
|
| 245 | 1 | 0 |
_aPrinciples of automatic control / _cMartin Healey |
| 260 |
_aLondon : _bEnglish Universities P., _c1967. |
||
| 300 |
_axv, 333 p. : _bill. ; _c23 cm. |
||
| 490 | 0 | _aScience and technology series ; | |
| 500 | _aIncludes index. | ||
| 650 | 0 |
_aAutomatic control. _945866 |
|
| 830 |
_aScience and technology series ; _9217021 |
||
| 942 |
_2ddc _cBK |
||
| 999 |
_c14718 _d14718 |
||